000 01038nam a2200301Ia 4500
001 dia_969
003 CHAP
005 20230116133002.0
008 220117s1982 xx 000 0 und d
010 _a171514
020 _a92-9039-308-4
040 _cCHAP
082 _a338.1 G85 1982
245 _aGuía para la elaboración de proyectos de desarrollo agropecuario /
_c coordinación Samuel Miragem ; Francisco Nadal...[et al.]
260 _aSan José, Costa Rica :
_b Instituto Interamericano de Cooperación para la Agricultura,
_c1982
300 _axi, 289 p.
440 _aSerie de Desarrollo Institucional, IICA ; 14
_9149631
503 _aI.188907
504 _aIncluye bibliografía
650 _aDesarrollo agrícola
_9125465
650 _aProyectos agrícolas
_9149632
700 _aMiragem, Samuel, coord.
_9149633
700 _aNadal, Francisco, coaut.
_9149634
901 _a338.1 G85 1982
902 _aM
905 _a0000001982 CR imn 0000000000SPA00
942 _cLIBRO
_2ddc
999 _c171514
_d171514